书目信息 |
| 题名: |
生命的心流
|
|
| 作者: | 契克森米哈赖 著 ;陈秀娟 译 | |
| 分册: | ||
| 出版信息: | 北京 中信出版社 2009.01 |
|
| 页数: | 164页 | |
| 开本: | 21cm | |
| 丛书名: | ||
| 单 册: | ||
| 中图分类: | B848.4 | |
| 科图分类: | ||
| 主题词: | 成功心理学--通俗读物 | |
| 电子资源: | ||
| ISBN: | 978-7-5086-1406-9 | |
| 000 | 01252nam0 2200253 450 | |
| 001 | 0011153969 | |
| 005 | 20100527153613.71 | |
| 010 | @a978-7-5086-1406-9@dCNY18.00 | |
| 100 | @a20100515d2009 em y0chiy0110 ea | |
| 101 | 1 | @achi@ceng |
| 102 | @aCN@b110000 | |
| 105 | @aa z 000yy | |
| 200 | 1 | @a生命的心流@Asheng ming de xin liu@d= Finding flow:the psychology of engagement with everyday life@f(美) 米哈里·契克森米哈赖著@F(mei)mi ha li·qi ke sen mi ha lai zhu@g陈秀娟译@zeng |
| 210 | @a北京@c中信出版社@d2009.01 | |
| 215 | @a164页@c图表@d21cm | |
| 306 | @a本书简体中文翻译文字由天下远见出版股份有限公司授权中信出版社独家使用。 | |
| 330 | @a2300年前,古希腊哲人狄奥根尼打着灯笼也找不到一个诚实的人;而今,要找到一个真正快乐的人,恐怕更加困难。在一个高度物化的社会里,对财富、地位、权力的追逐。未必能使人更加快乐。唯有从每天的生活经验、当下的体验品质即“心流”中创造乐趣。才能提升身心的品质。掌控心灵意志,达致心流体验的瞬间,你将撬动生命的力量之源。 | |
| 500 | 10 | @aFinding flow:the psychology of engagement with everyday life@mChinese |
| 606 | 0 | @a成功心理学@j通俗读物 |
| 690 | @aB848.4@v4 | |
| 701 | 1 | @a契克森米哈赖@Aqi ke sen mi ha lai@4著 |
| 702 | 0 | @a陈秀娟@Achen xiu juan@4译 |
| 801 | 0 | @aCN@c20100515 |
| 905 | @dB848.4@eQ134@f3 | |
| 生命的心流= Finding flow:the psychology of engagement with everyday life/(美) 米哈里·契克森米哈赖著/陈秀娟译.-北京:中信出版社,2009.01 |
| 164页:图表;21cm |
| ISBN 978-7-5086-1406-9:CNY18.00 |
| 2300年前,古希腊哲人狄奥根尼打着灯笼也找不到一个诚实的人;而今,要找到一个真正快乐的人,恐怕更加困难。在一个高度物化的社会里,对财富、地位、权力的追逐。未必能使人更加快乐。唯有从每天的生活经验、当下的体验品质即“心流”中创造乐趣。才能提升身心的品质。掌控心灵意志,达致心流体验的瞬间,你将撬动生命的力量之源。 |
| ● |
| 相关链接 |
|
|
|
正题名:生命的心流
索取号:B848.4/Q134
 
预约/预借
| 序号 | 登录号 | 条形码 | 馆藏地/架位号 | 状态 | 备注 |
| 1 | 983939 | 209839399 | 社科库509/509社科库 46排1列4层/ [索取号:B848.4/Q134] | 在馆 | |
| 2 | 983940 | 209839406 | 社科库509/509社科库 46排1列4层/ [索取号:B848.4/Q134] | 在馆 | |
| 3 | 983941 | 209839415 | 社科库509/509社科库 46排1列4层/ [索取号:B848.4/Q134] | 在馆 |